| 000 | 01006cab a2200253 4500 | ||
|---|---|---|---|
| 001 | ABS50314 | ||
| 008 | 090401t1994 xxu||||| |||| 00| 0 eng d | ||
| 035 | _a(Sirsi) u75256 | ||
| 041 | _aeng | ||
| 100 | _aStepien, K. | ||
| 245 | _aRent free periods | ||
| 260 | _c1994 | ||
| 350 | _a0 | ||
| 490 |
_aSolicitors` Journal _v138(9) 11 March 1994, 242(1) |
||
| 520 | _aDiscusses the most recent case on the disallowance of rent-free periods, in relation to the economic recession, and looks at the implications for landlords and tenants. Considers the question of interpretation and the commercial purpose, analysing the latest cases on the subject. | ||
| 650 | _aBRITISH GAS CORPORATION V UNIVERSITIES SUPERANNUATION SCHEME | ||
| 650 | _aBROADGATE SQUARE PLC V LEHMAN BROTHERS LTD | ||
| 650 | _aRENT REVIEWS | ||
| 650 | _aRENT-FREE PERIODS | ||
| 650 | _aSCOTTISH AMICABLE LIFE ASSURANCE SOCIETY V MIDDLETON | ||
| 690 | _aLANDLORD AND TENANT-RENT REVIEWS | ||
| 942 | _n0 | ||
| 948 | _c04/03/1997 | ||
| 999 |
_c47413 _d47413 |
||